1811, la bella inútil / (Record no. 195597)

MARC details
000 -LEADER
campo de control de longitud fija 02269cam a22003734 4500
001 - NÚMERO DE CONTROL
campo de control 195597
003 - IDENTIFICADOR DE NÚMERO DE CONTROL
campo de control SpMaBN
005 - FECHA Y HORA DE LA ÚLTIMA TRANSACCIÓN
campo de control 20250804062705.0
008 - DATOS DE LONGITUD FIJA--INFORMACIÓN GENERAL
campo de control de longitud fija 240626s2009 sp | |||| 000 f spa
015 ## - NÚMERO DE BIBLIOGRAFÍA NACIONAL
Número de bibliografía nacional MON09
017 ## - NÚMERO DE COPYRIGHT O DE DEPÓSITO LEGAL
Número de copyright o de depósito legal SE 918-2009
Agencia que asigna Oficina Depósito Legal Sevilla
020 ## - NÚMERO INTERNACIONAL ESTÁNDAR DEL LIBRO
Número Internacional Estándar del Libro 9788493579098
035 ## - NÚMERO DE CONTROL DEL SISTEMA
Número de control de sistema (OCoLC)457546796
040 ## - FUENTE DE CATALOGACIÓN
Centro catalogador/agencia de origen SpMaBN
Lengua de catalogación spa
Centro/agencia transcriptor SpMaBN
Normas de descripción rdc
Centro/agencia modificador ES-MaACL
080 ## - NÚMERO DE LA CLASIFICACIÓN DECIMAL UNIVERSAL
Número de la Clasificación Decimal Universal 821.134.2-31"19"
100 ## - ENTRADA PRINCIPAL--NOMBRE DE PERSONA
Nombre de persona Mollá, Fernando,
Fechas asociadas al nombre 1953-
Número de control del registro de autoridad o número normalizado XX4672703
9 (RLIN) 237214
Término indicativo de función/relación Autor
240 10 - TÍTULO UNIFORME
Título uniforme 1811, La bella inútil
245 10 - MENCIÓN DEL TÍTULO
Título 1811, la bella inútil /
Mención de responsabilidad, etc. Fernando Mollá.
260 ## - PUBLICACIÓN, DISTRIBUCIÓN, ETC.
Lugar de publicación, distribución, etc. Alcobendas, Madrid :
Nombre del editor, distribuidor, etc. De Librum Tremens,
Fecha de publicación, distribución, etc. [2009].
300 ## - DESCRIPCIÓN FÍSICA
Extensión 399 páginas ;
Dimensiones 22 cm
336 ## - TIPO DE CONTENIDO
Fuente rdacontent
Término de tipo de contenido texto
337 ## - TIPO DE MEDIO
Fuente rdamedia
Nombre/término del tipo de medio sin mediación
338 ## - TIPO DE SOPORTE
Fuente rdacarrier
Nombre/término del tipo de soporte volumen
520 ## - RESUMEN, ETC.
Sumario, etc. Desde al año 1808 el castillo de San Fernando de Figueres está en manos de los franceses. Dos años después, Joan Marqués, un joven figuerense, en compañía de sus cuñados, los jóvenes Ginés y Pere Pou y un buen amigo, el estudiante Floreta, idean un audaz plan para retomar su control por los españoles. Corre el mes de Abril de 1811, y el brigadier Rovira que acampa con sus tropas de migueletes, las del antiguo Tercio del Ampurdán, en las proximidades del lago de Bañolas, recibe la noticia del audaz plan. A partir de ese momento, el brigadier, acompañado de los valerosos jóvenes escribirá con tinta de héroe, enrojecida por la sangre vertida en el heroico comportamiento de los migueletes, la página más gloriosa de la existencia del castillo de San Fernando, la más grande y bella fortaleza jamás construida en Europa, ignominiosamente rebautizada como La Bella Inútil por los franceses invasores.
655 #0 - TERMINO DE INDIZACIÓN--GENERO/FORMA
Datos o término principal de género/forma Novelas
9 (RLIN) 234319
852 ## - LOCALIZACIÓN
Ubicación ES-MaACL
Ubicación en estantería Depósito J
Número de control de estantería N-10088
Donativo/Legado Donación: José Lázaro García
Encuadernación Encuadernación rústica con solapas
itemnumber 206219
903 ## - NOMBRE PERSONAL DE DONANTE
9 234219
a Lázaro García, José
e Donante
942 ## - ELEMENTOS DE ENTRADA SECUNDARIOS (KOHA)
Tipo de ítem Koha Libro impreso
Suprimir en OPAC No
Holdings
Estatus retirado Estado de pérdida Fuente del sistema de clasificación o colocación Estado de daño No para préstamo Biblioteca de origen Biblioteca actual Ubicación en estantería Fecha de adquisición Fuente de adquisición Total de préstamos Signatura topográfica completa Código de barras Visto por última vez Precio de reemplazo Tipo de ítem Koha
    Clasificación decimal universal     Biblioteca del Ateneo de Madrid Biblioteca del Ateneo de Madrid Depósito J 11/07/2025 Donación   N-10088 2025-0610 11/07/2025 11/07/2025 Libro impreso